Normal view
MARC view
Entry Personal Name
001 - CONTROL NUMBER
- control field: 59911
003 - CONTROL NUMBER IDENTIFIER
- control field: dpl
005 - DATE AND TIME OF LATEST TRANSACTION
- control field: 20231218162548.0
008 - FIXED-LENGTH DATA ELEMENTS
- fixed length control field: 231218|| aca||aabn | a|a d
040 ## - CATALOGING SOURCE
- Original cataloging agency: dpl
- Transcribing agency: dpl
100 ## - HEADING--PERSONAL NAME
- Personal name: Nanda, Gopal Krishna
670 ## - SOURCE DATA FOUND
- Source citation: Work cat.: (dpl)199687: Nanda, Gopal Krishna, Educational Psychology/, 2022
